Castes Indiennes - Statistiques

Statistiques générales
  • Ce quiz a été pris 12 fois
  • Le résultat moyen est 2 sur 5
Statistiques - réponses
Rôle dans la société Réponse % Correct
Nettoyeurs de rues, de toilettes Dalits
88%
Travailleurs Shudras
38%
Gouvernants, militaires, administrateurs Kshatriyas
25%
Prêtre, universitaires Brahmins
13%
Artisants, marchands, fermiers Vaishyas
13%
Aucun quiz correspondant
Distribution des résultats
% des personnes avec chaque résultat
Percentile par nombre de réponses
Votre historique - résultats
Vous n’avez pas pris ce quiz